<?xml version="1.0" encoding="UTF-8"?>
<collection xmlns="http://www.loc.gov/MARC21/slim">
 <record>
  <leader>05267cam a2200949   4500</leader>
  <controlfield tag="001">193947579</controlfield>
  <controlfield tag="003">DE-627</controlfield>
  <controlfield tag="005">20250118014801.0</controlfield>
  <controlfield tag="007">tu</controlfield>
  <controlfield tag="008">960309s1996    gw |||||      00| ||ger c</controlfield>
  <datafield tag="015" ind1=" " ind2=" ">
   <subfield code="a">95,N48,0784</subfield>
   <subfield code="2">dnb</subfield>
  </datafield>
  <datafield tag="016" ind1="7" ind2=" ">
   <subfield code="a">945939213</subfield>
   <subfield code="2">DE-101</subfield>
  </datafield>
  <datafield tag="020" ind1=" " ind2=" ">
   <subfield code="a">3765081647</subfield>
   <subfield code="9">3-7650-8164-7</subfield>
  </datafield>
  <datafield tag="035" ind1=" " ind2=" ">
   <subfield code="a">(DE-627)193947579</subfield>
  </datafield>
  <datafield tag="035" ind1=" " ind2=" ">
   <subfield code="a">(DE-576)049073737</subfield>
  </datafield>
  <datafield tag="035" ind1=" " ind2=" ">
   <subfield code="a">(DE-599)GBV193947579</subfield>
  </datafield>
  <datafield tag="035" ind1=" " ind2=" ">
   <subfield code="a">(OCoLC)35817604</subfield>
  </datafield>
  <datafield tag="035" ind1=" " ind2=" ">
   <subfield code="a">(OCoLC)35817604</subfield>
  </datafield>
  <datafield tag="040" ind1=" " ind2=" ">
   <subfield code="a">DE-627</subfield>
   <subfield code="b">ger</subfield>
   <subfield code="c">DE-627</subfield>
   <subfield code="e">rakwb</subfield>
  </datafield>
  <datafield tag="041" ind1=" " ind2=" ">
   <subfield code="a">ger</subfield>
  </datafield>
  <datafield tag="044" ind1=" " ind2=" ">
   <subfield code="c">XA-DE</subfield>
  </datafield>
  <datafield tag="050" ind1=" " ind2="0">
   <subfield code="a">SD540.3.G3</subfield>
  </datafield>
  <datafield tag="084" ind1=" " ind2=" ">
   <subfield code="a">LC 22090</subfield>
   <subfield code="2">rvk</subfield>
   <subfield code="0">(DE-625)rvk/90631:800</subfield>
  </datafield>
  <datafield tag="084" ind1=" " ind2=" ">
   <subfield code="a">QT 400</subfield>
   <subfield code="2">rvk</subfield>
   <subfield code="0">(DE-625)rvk/142121:</subfield>
  </datafield>
  <datafield tag="084" ind1=" " ind2=" ">
   <subfield code="a">ZO 6080</subfield>
   <subfield code="2">rvk</subfield>
   <subfield code="0">(DE-625)rvk/157787:</subfield>
  </datafield>
  <datafield tag="084" ind1=" " ind2=" ">
   <subfield code="a">ZO 6405</subfield>
   <subfield code="2">rvk</subfield>
   <subfield code="0">(DE-625)rvk/157803:</subfield>
  </datafield>
  <datafield tag="084" ind1=" " ind2=" ">
   <subfield code="a">NZ 72785</subfield>
   <subfield code="q">DE-24/21sred</subfield>
   <subfield code="2">rvk</subfield>
   <subfield code="0">(DE-625)rvk/162842:14209</subfield>
  </datafield>
  <datafield tag="084" ind1=" " ind2=" ">
   <subfield code="a">09</subfield>
   <subfield code="2">bwlb</subfield>
  </datafield>
  <datafield tag="084" ind1=" " ind2=" ">
   <subfield code="a">254</subfield>
   <subfield code="2">bwlb</subfield>
  </datafield>
  <datafield tag="084" ind1=" " ind2=" ">
   <subfield code="a">15.55</subfield>
   <subfield code="2">bkl</subfield>
  </datafield>
  <datafield tag="100" ind1="1" ind2=" ">
   <subfield code="8">1\p</subfield>
   <subfield code="a">Scheifele, Max</subfield>
   <subfield code="d">1920-2013</subfield>
   <subfield code="0">(DE-588)105304476</subfield>
   <subfield code="0">(DE-627)550667733</subfield>
   <subfield code="0">(DE-576)289532205</subfield>
   <subfield code="4">aut</subfield>
  </datafield>
  <datafield tag="245" ind1="1" ind2="0">
   <subfield code="a">Als die Wälder auf Reisen gingen</subfield>
   <subfield code="b">Wald, Holz, Flößerei in der Wirtschaftsgeschichte des Enz-Nagold-Gebiets</subfield>
   <subfield code="c">Max Scheifele</subfield>
  </datafield>
  <datafield tag="263" ind1=" " ind2=" ">
   <subfield code="a">Gb. : DM 44.00, sfr 44.00, S 326.00</subfield>
  </datafield>
  <datafield tag="264" ind1=" " ind2="1">
   <subfield code="a">Karlsruhe</subfield>
   <subfield code="b">Braun</subfield>
   <subfield code="c">1996</subfield>
  </datafield>
  <datafield tag="300" ind1=" " ind2=" ">
   <subfield code="a">368 S</subfield>
   <subfield code="b">Ill., Kt</subfield>
   <subfield code="c">22 cm</subfield>
  </datafield>
  <datafield tag="336" ind1=" " ind2=" ">
   <subfield code="a">Text</subfield>
   <subfield code="b">txt</subfield>
   <subfield code="2">rdacontent</subfield>
  </datafield>
  <datafield tag="337" ind1=" " ind2=" ">
   <subfield code="a">ohne Hilfsmittel zu benutzen</subfield>
   <subfield code="b">n</subfield>
   <subfield code="2">rdamedia</subfield>
  </datafield>
  <datafield tag="338" ind1=" " ind2=" ">
   <subfield code="a">Band</subfield>
   <subfield code="b">nc</subfield>
   <subfield code="2">rdacarrier</subfield>
  </datafield>
  <datafield tag="500" ind1=" " ind2=" ">
   <subfield code="a">Literaturverz. S. 362 - 367</subfield>
  </datafield>
  <datafield tag="583" ind1="1" ind2=" ">
   <subfield code="a">Archivierung/Langzeitarchivierung gewährleistet</subfield>
   <subfield code="f">PEBW</subfield>
   <subfield code="x">XA-DE-BW</subfield>
   <subfield code="2">pdager</subfield>
   <subfield code="5">DE-31</subfield>
  </datafield>
  <datafield tag="583" ind1="1" ind2=" ">
   <subfield code="a">Archivierung prüfen</subfield>
   <subfield code="c">20240324</subfield>
   <subfield code="f">DE-4165</subfield>
   <subfield code="z">2</subfield>
   <subfield code="2">pdager</subfield>
  </datafield>
  <datafield tag="648" ind1=" " ind2="7">
   <subfield code="a">Geschichte 1500-1918</subfield>
   <subfield code="2">gnd</subfield>
   <subfield code="7">(dpeaa)DE-631</subfield>
  </datafield>
  <datafield tag="648" ind1=" " ind2="4">
   <subfield code="a">Neuzeit</subfield>
   <subfield code="0">(DE-631)36175</subfield>
   <subfield code="7">(dpeaa)DE-631</subfield>
  </datafield>
  <datafield tag="650" ind1="0" ind2="7">
   <subfield code="0">(DE-588)4006761-0</subfield>
   <subfield code="0">(DE-627)106376365</subfield>
   <subfield code="0">(DE-576)208866981</subfield>
   <subfield code="a">Binnenschifffahrt</subfield>
   <subfield code="2">gnd</subfield>
  </datafield>
  <datafield tag="650" ind1="0" ind2="7">
   <subfield code="0">(DE-588)4025752-6</subfield>
   <subfield code="0">(DE-627)10629167X</subfield>
   <subfield code="0">(DE-576)208962751</subfield>
   <subfield code="a">Holztransport</subfield>
   <subfield code="2">gnd</subfield>
  </datafield>
  <datafield tag="650" ind1="0" ind2="7">
   <subfield code="0">(DE-588)4154646-5</subfield>
   <subfield code="0">(DE-627)104465247</subfield>
   <subfield code="0">(DE-576)209812907</subfield>
   <subfield code="a">Flößerei</subfield>
   <subfield code="2">gnd</subfield>
   <subfield code="7">(dpeaa)DE-631</subfield>
  </datafield>
  <datafield tag="650" ind1="0" ind2="7">
   <subfield code="0">(DE-588)4017966-7</subfield>
   <subfield code="0">(DE-627)10632814X</subfield>
   <subfield code="0">(DE-576)20892180X</subfield>
   <subfield code="a">Forstwirtschaft</subfield>
   <subfield code="2">gnd</subfield>
   <subfield code="7">(dpeaa)DE-631</subfield>
  </datafield>
  <datafield tag="650" ind1="0" ind2="7">
   <subfield code="0">(DE-588)4025668-6</subfield>
   <subfield code="0">(DE-627)106291971</subfield>
   <subfield code="0">(DE-576)208962425</subfield>
   <subfield code="a">Holz</subfield>
   <subfield code="2">gnd</subfield>
   <subfield code="7">(dpeaa)DE-631</subfield>
  </datafield>
  <datafield tag="650" ind1="0" ind2="7">
   <subfield code="0">(DE-588)4062901-6</subfield>
   <subfield code="0">(DE-627)104743727</subfield>
   <subfield code="0">(DE-576)209146494</subfield>
   <subfield code="a">Verkehr</subfield>
   <subfield code="2">gnd</subfield>
   <subfield code="7">(dpeaa)DE-631</subfield>
  </datafield>
  <datafield tag="650" ind1=" " ind2="4">
   <subfield code="a">Wirtschaftsgeschichte</subfield>
   <subfield code="0">(DE-631)21154</subfield>
   <subfield code="7">(dpeaa)DE-631</subfield>
  </datafield>
  <datafield tag="650" ind1=" " ind2="4">
   <subfield code="a">Waldgeschichte</subfield>
   <subfield code="0">(DE-631)26016</subfield>
   <subfield code="7">(dpeaa)DE-631</subfield>
  </datafield>
  <datafield tag="651" ind1=" " ind2="7">
   <subfield code="0">(DE-588)4053807-2</subfield>
   <subfield code="0">(DE-627)106165364</subfield>
   <subfield code="0">(DE-576)209105801</subfield>
   <subfield code="a">Schwarzwald</subfield>
   <subfield code="2">gnd</subfield>
   <subfield code="7">(dpeaa)DE-631</subfield>
  </datafield>
  <datafield tag="651" ind1=" " ind2="7">
   <subfield code="0">(DE-588)4117757-5</subfield>
   <subfield code="0">(DE-627)10579676X</subfield>
   <subfield code="0">(DE-576)209512636</subfield>
   <subfield code="a">Nagoldtal</subfield>
   <subfield code="2">gnd</subfield>
   <subfield code="7">(dpeaa)DE-631</subfield>
  </datafield>
  <datafield tag="651" ind1=" " ind2="7">
   <subfield code="0">(DE-588)106930820X</subfield>
   <subfield code="0">(DE-627)821651897</subfield>
   <subfield code="0">(DE-576)428580831</subfield>
   <subfield code="a">Enztal</subfield>
   <subfield code="g">Tal</subfield>
   <subfield code="2">gnd</subfield>
   <subfield code="7">(dpeaa)DE-631</subfield>
  </datafield>
  <datafield tag="653" ind1=" " ind2="0">
   <subfield code="a">Timber</subfield>
   <subfield code="a">Rafting</subfield>
   <subfield code="a">Germany</subfield>
   <subfield code="a">Black Forest</subfield>
   <subfield code="a">History</subfield>
  </datafield>
  <datafield tag="689" ind1="0" ind2="0">
   <subfield code="d">g</subfield>
   <subfield code="0">(DE-588)4075477-7</subfield>
   <subfield code="0">(DE-627)104696966</subfield>
   <subfield code="0">(DE-576)209198036</subfield>
   <subfield code="a">Nordschwarzwald</subfield>
   <subfield code="2">gnd</subfield>
  </datafield>
  <datafield tag="689" ind1="0" ind2="1">
   <subfield code="d">s</subfield>
   <subfield code="0">(DE-588)4154646-5</subfield>
   <subfield code="0">(DE-627)104465247</subfield>
   <subfield code="0">(DE-576)209812907</subfield>
   <subfield code="a">Flößerei</subfield>
   <subfield code="2">gnd</subfield>
  </datafield>
  <datafield tag="689" ind1="0" ind2="2">
   <subfield code="a">z</subfield>
   <subfield code="2">gnd</subfield>
   <subfield code="a">Geschichte 100-1936</subfield>
  </datafield>
  <datafield tag="689" ind1="0" ind2=" ">
   <subfield code="5">DE-101</subfield>
  </datafield>
  <datafield tag="689" ind1="1" ind2="0">
   <subfield code="d">g</subfield>
   <subfield code="0">(DE-588)4075477-7</subfield>
   <subfield code="0">(DE-627)104696966</subfield>
   <subfield code="0">(DE-576)209198036</subfield>
   <subfield code="a">Nordschwarzwald</subfield>
   <subfield code="2">gnd</subfield>
  </datafield>
  <datafield tag="689" ind1="1" ind2="1">
   <subfield code="d">s</subfield>
   <subfield code="0">(DE-588)4160518-4</subfield>
   <subfield code="0">(DE-627)104312300</subfield>
   <subfield code="0">(DE-576)209858370</subfield>
   <subfield code="a">Holzhandel</subfield>
   <subfield code="2">gnd</subfield>
  </datafield>
  <datafield tag="689" ind1="1" ind2="2">
   <subfield code="a">z</subfield>
   <subfield code="2">gnd</subfield>
   <subfield code="a">Geschichte</subfield>
  </datafield>
  <datafield tag="689" ind1="1" ind2=" ">
   <subfield code="5">DE-101</subfield>
  </datafield>
  <datafield tag="787" ind1="0" ind2="8">
   <subfield code="i">Rezension</subfield>
   <subfield code="a">Planck, Dieter, 1944 - </subfield>
   <subfield code="t">Max Scheifele, Als die Wälder auf Reisen gingen, Wald, Holzflößerei in der Wirtschaftsgeschichte des Enz-Nagold-Gebietes</subfield>
   <subfield code="d">1996</subfield>
   <subfield code="w">(DE-627)1474962254</subfield>
   <subfield code="w">(DE-576)404962254</subfield>
  </datafield>
  <datafield tag="883" ind1=" " ind2=" ">
   <subfield code="8">1</subfield>
   <subfield code="a">cgwrk</subfield>
   <subfield code="d">20241001</subfield>
   <subfield code="q">DE-101</subfield>
   <subfield code="u">https://d-nb.info/provenance/plan#cgwrk</subfield>
  </datafield>
  <datafield tag="935" ind1=" " ind2=" ">
   <subfield code="a">BGTS</subfield>
   <subfield code="a">BWLB</subfield>
  </datafield>
  <datafield tag="935" ind1=" " ind2=" ">
   <subfield code="i">Blocktest</subfield>
  </datafield>
  <datafield tag="936" ind1="r" ind2="v">
   <subfield code="a">LC 22090</subfield>
   <subfield code="b">Baden-Württemberg</subfield>
   <subfield code="k">Sozial- und Kulturanthropologie. Empirische Kulturwissenschaft</subfield>
   <subfield code="k">Materielle Kultur und Wirtschaftsethnologie</subfield>
   <subfield code="k">Formen der Wirtschaft</subfield>
   <subfield code="k">Land- und Viehwirtschaft</subfield>
   <subfield code="k">Europa</subfield>
   <subfield code="k">Mitteleuropa</subfield>
   <subfield code="k">Deutschland</subfield>
   <subfield code="k">Süddeutschland</subfield>
   <subfield code="k">Baden-Württemberg</subfield>
   <subfield code="0">(DE-627)1271691752</subfield>
   <subfield code="0">(DE-625)rvk/90631:800</subfield>
   <subfield code="0">(DE-576)201691752</subfield>
  </datafield>
  <datafield tag="936" ind1="r" ind2="v">
   <subfield code="a">QT 400</subfield>
   <subfield code="b">Forsten</subfield>
   <subfield code="k">Wirtschaftswissenschaften</subfield>
   <subfield code="k">Umweltökonomie</subfield>
   <subfield code="k">Forsten</subfield>
   <subfield code="0">(DE-627)1271520699</subfield>
   <subfield code="0">(DE-625)rvk/142121:</subfield>
   <subfield code="0">(DE-576)201520699</subfield>
  </datafield>
  <datafield tag="936" ind1="r" ind2="v">
   <subfield code="a">ZO 6080</subfield>
   <subfield code="b">Binnenschifffahrt, Kanalanlagen</subfield>
   <subfield code="k">Technik</subfield>
   <subfield code="k">Verkehr, Transport</subfield>
   <subfield code="k">Schifffahrt</subfield>
   <subfield code="k">Binnenschifffahrt, Kanalanlagen</subfield>
   <subfield code="0">(DE-627)1271835355</subfield>
   <subfield code="0">(DE-625)rvk/157787:</subfield>
   <subfield code="0">(DE-576)201835355</subfield>
  </datafield>
  <datafield tag="936" ind1="r" ind2="v">
   <subfield code="a">ZO 6405</subfield>
   <subfield code="b">Binnenschiffe</subfield>
   <subfield code="k">Technik</subfield>
   <subfield code="k">Verkehr, Transport</subfield>
   <subfield code="k">Schifffahrt</subfield>
   <subfield code="k">Wasserfahrzeuge</subfield>
   <subfield code="k">Binnenschiffe</subfield>
   <subfield code="0">(DE-627)1272088693</subfield>
   <subfield code="0">(DE-625)rvk/157803:</subfield>
   <subfield code="0">(DE-576)202088693</subfield>
  </datafield>
  <datafield tag="936" ind1="r" ind2="v">
   <subfield code="a">NZ 72785</subfield>
   <subfield code="b">Wirtschaft und Gesellschaft</subfield>
   <subfield code="k">Geschichte</subfield>
   <subfield code="k">Regionale Landeskunde</subfield>
   <subfield code="k">Baden-Württemberg</subfield>
   <subfield code="k">Landesgeschichte regional</subfield>
   <subfield code="k">Geschichte einzelner Regionen</subfield>
   <subfield code="k">Schwarzwald</subfield>
   <subfield code="k">Wirtschaft und Gesellschaft</subfield>
   <subfield code="0">(DE-627)168578528X</subfield>
   <subfield code="0">(DE-625)rvk/162842:14209</subfield>
  </datafield>
  <datafield tag="936" ind1="b" ind2="k">
   <subfield code="a">15.55</subfield>
   <subfield code="j">Baden-Württemberg</subfield>
   <subfield code="x">Geschichte</subfield>
   <subfield code="q">coli-conc RVK-&gt;BK</subfield>
   <subfield code="q">https://coli-conc.gbv.de/api/mappings/58b6b720-6ba5-4068-ac06-4bb36eb8c635</subfield>
   <subfield code="0">(DE-627)181571617</subfield>
  </datafield>
  <datafield tag="951" ind1=" " ind2=" ">
   <subfield code="a">BO</subfield>
  </datafield>
  <datafield tag="990" ind1=" " ind2=" ">
   <subfield code="a">Nordschwarzwald</subfield>
  </datafield>
  <datafield tag="990" ind1=" " ind2=" ">
   <subfield code="a">Flößerei</subfield>
  </datafield>
  <datafield tag="990" ind1=" " ind2=" ">
   <subfield code="a">Geschichte 100-1936</subfield>
  </datafield>
  <datafield tag="990" ind1=" " ind2=" ">
   <subfield code="a">Nordschwarzwald</subfield>
  </datafield>
  <datafield tag="990" ind1=" " ind2=" ">
   <subfield code="a">Holzhandel</subfield>
  </datafield>
  <datafield tag="990" ind1=" " ind2=" ">
   <subfield code="a">Geschichte</subfield>
  </datafield>
  <datafield tag="991" ind1=" " ind2=" ">
   <subfield code="a">Rezensiertes Werk</subfield>
  </datafield>
  <datafield tag="999" ind1=" " ind2=" ">
   <subfield code="a">KXP-PPN193947579</subfield>
   <subfield code="e">4198114773</subfield>
  </datafield>
 </record>
</collection>
